000 01373cam a2200325Ia 45 0
001 u203191
003 SIRSI
008 100628s2009 ua a b 000 0 eng d
040 _aEAL
041 _aeng
_bara
043 _af-ua
090 _aCD-3062
100 1 _aGaffar, Saad Abdel-Khalek Ebrahiem Mohamed .
245 1 0 _aApplication of some natural enemies in organic agriculture through IPM in Egypt and Tunisia
_h[computer file]/
_cSaad Abdel-Khalek Ebrahiem Mohamed Gaffar.
246 1 5 _aاستخدام بعض الاعداء الطبيعية فى الزراعة العضوية خلال الادارة المتكاملة للآفات فى مصر وتونس.
260 _c2009.
300 _aComputer laser optical disk;
_c4 3/4 in.
502 _aThesis (Ph.D.) -- Cairo University, 2009.
504 _aIncludes bibliographical references (leaves 146-160).
538 _aSystems requirements: Adobe Reader.
546 _aSummary in Arabic.
650 0 _aOrganic agriculture
_zEgypt.
650 0 _aOrganic agriculture
_zTunis.
650 0 _aPlants
_xDiseases and pests
_xIntegrated control
_zEgypt.
650 0 _aPlants
_xDiseases and pests
_xBiological control
_zTunis.
650 0 _aBiological pest control agents.
856 4 0 _uhttp://nile.enal.sci.eg/thesis/3062.pdf
_zContent & Abstract.
596 _a1
942 _cETH
_2lcc
999 _c17347
_d17347